<?xml version="1.0" encoding="UTF-8"?>
<record
    xmlns:xsi="http://www.w3.org/2001/XMLSchema-instance"
    xsi:schemaLocation="http://www.loc.gov/MARC21/slim http://www.loc.gov/standards/marcxml/schema/MARC21slim.xsd"
    xmlns="http://www.loc.gov/MARC21/slim">

  <leader>00839cam a2200229Ii 4500</leader>
  <datafield tag="999" ind1=" " ind2=" ">
    <subfield code="c">2200</subfield>
    <subfield code="d">2200</subfield>
  </datafield>
  <controlfield tag="001">6009194</controlfield>
  <controlfield tag="003">OSt</controlfield>
  <controlfield tag="005">20181009165811.0</controlfield>
  <controlfield tag="008">901220n        tnua          000 0 eng u</controlfield>
  <datafield tag="020" ind1=" " ind2=" ">
    <subfield code="a">0879810351</subfield>
  </datafield>
  <datafield tag="035" ind1=" " ind2=" ">
    <subfield code="a">0008-53960</subfield>
  </datafield>
  <datafield tag="040" ind1=" " ind2=" ">
    <subfield code="c">DLC</subfield>
  </datafield>
  <datafield tag="082" ind1=" " ind2=" ">
    <subfield code="a">REF 220.3</subfield>
    <subfield code="b">S642S</subfield>
  </datafield>
  <datafield tag="090" ind1=" " ind2=" ">
    <subfield code="a">BS440</subfield>
    <subfield code="b">.S6</subfield>
  </datafield>
  <datafield tag="100" ind1="1" ind2=" ">
    <subfield code="a">Smith, William,</subfield>
    <subfield code="c">Sir,</subfield>
    <subfield code="d">1813-1893</subfield>
  </datafield>
  <datafield tag="245" ind1="1" ind2="0">
    <subfield code="a">Smith's Bible dictionary :</subfield>
    <subfield code="b">including Four thousand questions and answers on the Old and New Testaments; A history of the books of the Bible; Analytical and comparative concordance /</subfield>
    <subfield code="c">compiled from Dr. William Smith's Dictionary of the Bible</subfield>
  </datafield>
  <datafield tag="250" ind1=" " ind2=" ">
    <subfield code="a">Rev. ed.</subfield>
    <subfield code="b">with maps and five hundred illustrations</subfield>
  </datafield>
  <datafield tag="260" ind1=" " ind2=" ">
    <subfield code="a">Nashville :</subfield>
    <subfield code="b">A. J. Holman Company,</subfield>
    <subfield code="c">[n.d.]</subfield>
  </datafield>
  <datafield tag="300" ind1=" " ind2=" ">
    <subfield code="a">786 p. :</subfield>
    <subfield code="b">ill. ;</subfield>
    <subfield code="c">24 cm</subfield>
  </datafield>
  <datafield tag="630" ind1="0" ind2="0">
    <subfield code="a">Bible</subfield>
    <subfield code="x">Dictionaries</subfield>
  </datafield>
  <datafield tag="942" ind1=" " ind2=" ">
    <subfield code="2">ddc</subfield>
    <subfield code="c">REF</subfield>
  </datafield>
  <datafield tag="952" ind1=" " ind2=" ">
    <subfield code="0">0</subfield>
    <subfield code="1">0</subfield>
    <subfield code="2">ddc</subfield>
    <subfield code="4">0</subfield>
    <subfield code="7">1</subfield>
    <subfield code="8">REF</subfield>
    <subfield code="a">HMC</subfield>
    <subfield code="b">HMC</subfield>
    <subfield code="c">REF</subfield>
    <subfield code="d">2018-10-09</subfield>
    <subfield code="l">0</subfield>
    <subfield code="o">REF 220.3 S642S</subfield>
    <subfield code="p">002996</subfield>
    <subfield code="r">2018-10-09 00:00:00</subfield>
    <subfield code="w">2018-10-09</subfield>
    <subfield code="y">REF</subfield>
  </datafield>
  <datafield tag="952" ind1=" " ind2=" ">
    <subfield code="0">0</subfield>
    <subfield code="1">0</subfield>
    <subfield code="2">ddc</subfield>
    <subfield code="4">0</subfield>
    <subfield code="7">1</subfield>
    <subfield code="8">REF</subfield>
    <subfield code="a">HMC</subfield>
    <subfield code="b">HMC</subfield>
    <subfield code="c">REF</subfield>
    <subfield code="d">2018-10-09</subfield>
    <subfield code="l">0</subfield>
    <subfield code="o">REF 220.3 S642S</subfield>
    <subfield code="p">000766</subfield>
    <subfield code="r">2018-10-18 00:00:00</subfield>
    <subfield code="w">2018-10-09</subfield>
    <subfield code="y">REF</subfield>
  </datafield>
  <datafield tag="952" ind1=" " ind2=" ">
    <subfield code="0">0</subfield>
    <subfield code="1">0</subfield>
    <subfield code="2">ddc</subfield>
    <subfield code="4">0</subfield>
    <subfield code="7">1</subfield>
    <subfield code="8">REF</subfield>
    <subfield code="a">HMC</subfield>
    <subfield code="b">HMC</subfield>
    <subfield code="c">REF</subfield>
    <subfield code="d">2021-01-20</subfield>
    <subfield code="l">0</subfield>
    <subfield code="o">REF 220.3 S642S</subfield>
    <subfield code="p">010747</subfield>
    <subfield code="r">2021-01-20 00:00:00</subfield>
    <subfield code="w">2021-01-20</subfield>
    <subfield code="y">REF</subfield>
  </datafield>
</record>
